Trade associations and industrial control ; a critique of the N.R.A. /

Bibliographic Details
Main Author: Whitney, Simon Newcomb, 1903-
Format: Book
Language:English
Published: New York : Central book company, 1934.
Subjects:

MARC

Tag First Indicator Second Indicator Subfields
LEADER 00000cam a2200000 4500
001 in00000056168
005 20151008052406.0
008 730703s1934 nyu 00000 eng u
010 |a  34000648  
035 |a (OCoLC)00649108 
035 |9 AAH3121AM 
040 |c KSU  |d TXA  |d UtOrBLW 
049 |a TXAM  |c [191679] 
050 0 0 |a HD2425  |b .W5 
092 |a 338  |b W622t 
100 1 |a Whitney, Simon Newcomb,  |d 1903- 
245 1 0 |a Trade associations and industrial control ;  |b a critique of the N.R.A. /  |c by Simon N. Whitney. 
264 1 |a New York :  |b Central book company,  |c 1934. 
300 |a 237 pages ;  |c 23 cm. 
336 |a text  |b txt  |2 rdacontent 
337 |a unmediated  |b n  |2 rdamedia 
338 |a volume  |b nc  |2 rdacarrier 
630 0 0 |a National Industrial Recovery Act, 1933. 
650 0 |a Trade associations  |z United States. 
650 0 |a Industrial policy  |z United States. 
650 0 |a Professional associations. 
740 2 |a A critique of the N.R.A. 
999 |a MARS 
999 f f |s 09ef1145-b419-3746-982f-2d2631460ede  |i 8f1e47f6-552b-303e-92ee-4c9332ccc3ce  |t 0 
952 f f |p ric  |a Texas A&M University  |b Rellis Campus  |c Joint Library Facility  |d Remote Storage  |t 0  |e HD2425 .W5  |h Library of Congress classification  |i unmediated -- volume  |m A14800755115 
998 f f |a HD2425 .W5  |t 0  |l Remote Storage